Práctica de la estrategia (Registro nro. 2609)

Detalles MARC
000 -LEADER
fixed length control field 00903 a2200193 4500
001 - CONTROL NUMBER
control field 36090
005 - DATE AND TIME OF LATEST TRANSACTION
control field 20260407155638.0
008 - FIXED-LENGTH DATA ELEMENTS--GENERAL INFORMATION
fixed length control field 260407a1992 arg spa d
003 - CONTROL NUMBER IDENTIFIER
control field AR-UNSa-BCEJYS
040 ## - CATALOGING SOURCE
Original cataloging agency AR-UNSa-BCEJYS
Language of cataloging spa
Transcribing agency AR-UNSa-BCEJYS
080 ## - UNIVERSAL DECIMAL CLASSIFICATION NUMBER
Universal Decimal Classification number 658.012.2
Common auxiliary subdivision Planificación. Programas. Planes. Medidas de apoyo a la planificación( Administración estratégica...)
100 1# - MAIN ENTRY--PERSONAL NAME
Personal name karlöf, Bengt
245 10 - TITLE STATEMENT
Title Práctica de la estrategia
264 #1 - PRODUCTION, PUBLICATION, DISTRIBUTION, MANUFACTURE, AND COPYRIGHT NOTICE
Place of production, publication, distribution, manufacture Barcelona :
Name of producer, publisher, distributor, manufacturer Granica
Date of production, publication, distribution, manufacture, or copyright notice 1992
300 ## - PHYSICAL DESCRIPTION
Extent 283 p.
Dimensions 22 cm.
505 ## - FORMATTED CONTENTS NOTE
Formatted contents note 1. Importancia de la estrategia en el proceso de desarrollo - 2. La gestión estratégica - 3. Conceptos y componentes de la estrategia - 4. El método estratégico - 5. Estrategias para el desarrollo comercial - 6. Situaciones estratégicas - 7. Los puntos clave en los procesos de desarrolo estratégico.
590 ## - LOCAL NOTE (RLIN)
Local note niveau_biblio:m niveau_hierar:0
942 ## - ADDED ENTRY ELEMENTS (KOHA)
Koha item type
Existencias
Withdrawn status Lost status Damaged status Not for loan Home library Current library Shelving location Date acquired Total checkouts Full call number Barcode Date last seen Price effective from Koha item type
        Biblioteca Prof. Eusebio Cleto del Rey Biblioteca Prof. Eusebio Cleto del Rey   07/04/2026   658.012.2 K18p L65268 07/04/2026 07/04/2026 Libro
        Biblioteca Prof. Eusebio Cleto del Rey Biblioteca Prof. Eusebio Cleto del Rey   07/04/2026   658.012.2 K18p L65269 07/04/2026 07/04/2026 Libro